[Event "NED-ch U18 Girls"]
[Site "Almelo"]
[Date "2023.04.30"]
[Round "1"]
[White "Cordes, Jule Johanne"]
[Black "Basa, Manasvita"]
[Result "1/2-1/2"]
[WhiteElo "1757"]
[BlackElo "1773"]
[PlyCount "82"]
[EventDate "2023.04.30"]
[EventType "tourn"]
[EventRounds "7"]
[EventCountry "NED"]
[SourceTitle "CBM 214 Extra"]
[Source "ChessBase"]
[SourceDate "2023.07.31"]
[SourceVersion "1"]
[SourceVersionDate "2023.07.31"]
[SourceQuality "1"]

1. d4 d5 2. c4 e6 3. Nc3 Be7 4. Nf3 Nf6 5. Bg5 0-0 6. e3 b6 7. cxd5 Nxd5 8. Nxd5 exd5 9. Bxe7 Qxe7 10. Qc2 Na6 11. a3 c5 12. Bd3 h6 13. b3 Bb7 14. 0-0 Rac8 15. Qe2 Nc7 16. a4 a5 17. Rac1 Ne6 18. Bb1 Ng5 19. Rfe1 c4 20. Nxg5 Qxg5 21. Rc3 f5 22. f3 cxb3 23. Rxb3 Rf6 24. Qb2 Rcc6 25. Qe2 Rg6 26. Rb2 Rc3 27. Qf2 Ba6 28. Rc2 Ra3 29. Ba2 Rd6 30. e4 fxe4 31. fxe4 Rf6 32. Qd2 Qg4 33. e5 Rf4 34. Bxd5+ Kh7 35. Rd1 Rd3 36. Qxd3+ Bxd3 37. Rxd3 Rxd4 38. Rcd2 Rxd3 39. Rxd3 Qxa4 40. e6 Qb5 41. Be4+ g6 1/2-1/2

[Event "NED-ch U16/U18 Girls"]
[Site "Almelo"]
[Date "2021.08.05"]
[Round "5"]
[White "Zubair, Javeria Komal"]
[Black "Basa, Manasvita"]
[Result "1-0"]
[WhiteElo "1490"]
[BlackElo "1711"]
[PlyCount "123"]
[EventDate "2021.08.01"]
[EventType "swiss"]
[EventRounds "7"]
[EventCountry "NED"]
[SourceTitle "EXT 2022"]
[Source "ChessBase"]
[SourceDate "2021.10.06"]
[SourceVersion "1"]
[SourceVersionDate "2021.10.06"]
[SourceQuality "1"]

1. Nf3 d5 2. c4 e6 3. e3 Nf6 4. Be2 Bd6 5. Nc3 0-0 6. 0-0 dxc4 7. Bxc4 a6 8. a4 b6 9. d4 Bb7 10. Re1 Nbd7 11. e4 Bb4 12. Bg5 h6 13. Bh4 g5 14. Nxg5 hxg5 15. Bxg5 Qe8 16. e5 Nh7 17. Bh6 Kh8 18. Bxf8 Ndxf8 19. Bd3 Ng6 20. Re3 Qe7 21. Rh3 Qg5 22. Rg3 Qh6 23. Ne4 Nf4 24. Qg4 Nxd3 25. Rh3 Qf4 26. Rxh7+ Kxh7 27. Nf6+ Kh8 28. Qh3+ Kg7 29. Nh5+ Kf8 30. Nxf4 Nxf4 31. Qh6+ Ke7 32. Qxf4 Rd8 33. Qf6+ Ke8 34. Rd1 c5 35. Qh8+ Ke7 36. Qh4+ Ke8 37. h3 c4 38. g4 Bf3 39. Rc1 Rxd4 40. Qf6 Be2 41. Qh8+ Ke7 42. Qb8 Bc5 43. a5 Rd8 44. Qb7+ Rd7 45. Qc6 Bd4 46. axb6 Bxe5 47. b7 Bd3 48. Qc5+ Kf6 49. Qxe5+ Kxe5 50. b8Q+ Kf6 51. Qf4+ Ke7 52. h4 Rb7 53. Rxc4 Bxc4 54. Qxc4 Rxb2 55. Qxa6 Rb1+ 56. Kg2 Kf8 57. Qd3 Re1 58. h5 e5 59. h6 Kg8 60. Qd8+ Kh7 61. Qf8 Kg6 62. Qg7# 1-0

[Event "EU-ch Online U2300 Final"]
[Site "Chess.com INT"]
[Date "2020.05.26"]
[Round "8"]
[White "Mammadov, Sadig"]
[Black "Basa, Manasvita"]
[Result "0-1"]
[WhiteElo "2237"]
[BlackElo "1711"]
[PlyCount "62"]
[EventDate "2020.05.26"]
[EventType "swiss"]
[EventRounds "8"]
[EventCountry "NET"]
[SourceTitle "CBM 196 Extra"]
[Source "ChessBase"]
[SourceDate "2020.07.31"]
[SourceVersion "1"]
[SourceVersionDate "2020.07.31"]
[SourceQuality "1"]

1. d4 d5 2. c4 e6 3. Nc3 Nf6 4. e3 a6 5. Nf3 dxc4 6. Qa4+ b5 7. Nxb5 Bd7 8. Bxc4 axb5 9. Qxa8 bxc4 10. Ne5 Bb4+ 11. Bd2 Bxd2+ 12. Kxd2 0-0 13. Rhc1 c5 14. Rxc4 cxd4 15. Rxd4 Qb6 16. Qa3 Qc7 17. f4 Qb7 18. Rg1 Bb5 19. Kc1 Rc8+ 20. Kb1 Nc6 21. Nxc6 Qxc6 22. Qc3 Qa6 23. Qd2 h6 24. Rd8+ Rxd8 25. Qxd8+ Kh7 26. g4 Nd5 27. Qf8 Bd3+ 28. Ka1 Qc4 29. a3 Nxe3 30. g5 Nc2+ 31. Kb1 Nb4+ 0-1

[Event "EU-ch Online U2300 Final"]
[Site "Chess.com INT"]
[Date "2020.05.26"]
[Round "2"]
[White "Tsomaia, Nikoloz"]
[Black "Basa, Manasvita"]
[Result "0-1"]
[WhiteElo "2240"]
[BlackElo "1711"]
[PlyCount "56"]
[EventDate "2020.05.26"]
[EventType "swiss"]
[EventRounds "8"]
[EventCountry "NET"]
[SourceTitle "CBM 196 Extra"]
[Source "ChessBase"]
[SourceDate "2020.07.31"]
[SourceVersion "1"]
[SourceVersionDate "2020.07.31"]
[SourceQuality "1"]

1. e4 e5 2. Nf3 Nc6 3. Bb5 Bc5 4. c3 Nf6 5. d4 exd4 6. cxd4 Bb4+ 7. Kf1 a6 8. Qa4 axb5 9. Qxa8 d5 10. e5 Ne4 11. a4 bxa4 12. Qxa4 f6 13. Nc3 Bxc3 14. bxc3 Nxc3 15. Qb3 Ne4 16. Ra8 Qd7 17. Ba3 Kf7 18. Ke2 Qg4 19. Rd1 Qxg2 20. Qxd5+ Be6 21. Qxe4 Rxa8 22. d5 Bg4 23. e6+ Ke8 24. dxc6 Rxa3 25. Rd8+ Kxd8 26. Qd5+ Kc8 27. Qd7+ Kb8 28. Qd8+ Ka7 0-1

[Event "EU Union-ch U12 17th"]
[Site "Mureck"]
[Date "2019.08.02"]
[Round "3"]
[White "Sizov, Lev1111"]
[Black "Basa, Manasvita"]
[Result "0-1"]
[WhiteElo "1234"]
[BlackElo "1594"]
[PlyCount "45"]
[EventDate "2019.07.31"]
[EventType "swiss"]
[EventRounds "9"]
[EventCountry "AUT"]
[SourceTitle "EXT 2020"]
[Source "ChessBase"]
[SourceDate "2019.10.17"]
[SourceVersion "1"]
[SourceVersionDate "2019.10.17"]
[SourceQuality "1"]

1. d4 d5 2. c4 e6 3. Nc3 Be7 4. Nf3 Nf6 5. Bf4 a6 6. Rc1 0-0 7. e3 dxc4 8. Bxc4 b5 9. Bd3 Bb7 10. 0-0 Nbd7 11. h3 c5 12. dxc5 Nxc5 13. Bb1 Qb6 14. Qc2 Rac8 15. Qe2 b4 16. Nd1 a5 17. b3 Ba6 18. Qb2 Bxf1 19. Kxf1 Nd5 20. Qc2 Qa6+ 21. Kg1 Nd3 22. Qd2 Nxc1 23. Nb2 0-1

[Event "NED-ch U16 Girls"]
[Site "Assen"]
[Date "2018.05.05"]
[Round "7"]
[White "Van Essen, Marieke"]
[Black "Basa, Manasvita"]
[Result "0-1"]
[WhiteElo "1282"]
[BlackElo "1402"]
[PlyCount "98"]
[EventDate "2018.04.29"]
[EventType "swiss"]
[EventRounds "7"]
[EventCountry "NED"]
[SourceTitle "CBM 184 Extra"]
[Source "ChessBase"]
[SourceDate "2018.06.28"]
[SourceVersion "1"]
[SourceVersionDate "2018.06.28"]
[SourceQuality "1"]

1. e4 e5 2. Nf3 Nc6 3. Bc4 Bc5 4. Nc3 Nf6 5. d3 a6 6. a4 d6 7. Be3 Ba7 8. h3 Be6 9. Ba2 d5 10. exd5 Nxd5 11. d4 Nxc3 12. bxc3 Bxa2 13. Rxa2 e4 14. Nd2 Qd5 15. c4 Qa5 16. Qa1 0-0 17. c3 Qf5 18. g4 Qg6 19. Qb1 Rfe8 20. Qxb7 Bb6 21. c5 Reb8 22. Qxa8 Rxa8 23. cxb6 cxb6 24. 0-0 f5 25. Kh2 fxg4 26. hxg4 Qxg4 27. f3 exf3 28. Nxf3 Ne7 29. Rg2 Qe4 30. Bh6 Nf5 31. Bg5 Ne3 32. Re1 Ng4+ 33. Kg3 Qf5 34. Rf1 Rf8 35. c4 h6 36. Be7 Rf7 37. Bd6 Ne3 38. Rff2 Qg4+ 39. Kh2 Nxg2 40. Rxg2 Qxf3 41. Be5 Qh5+ 42. Kg1 g5 43. d5 Qd1+ 44. Kh2 Rf1 45. Kh3 Rh1+ 46. Bh2 Qf3+ 47. Rg3 g4+ 48. Kh4 Rxh2+ 49. Rh3 Rxh3# 0-1

[Event "NED-ch U16 Girls"]
[Site "Assen"]
[Date "2018.04.30"]
[Round "2"]
[White "Huang, Wendy"]
[Black "Basa, Manasvita"]
[Result "1/2-1/2"]
[WhiteElo "1572"]
[BlackElo "1402"]
[PlyCount "51"]
[EventDate "2018.04.29"]
[EventType "swiss"]
[EventRounds "7"]
[EventCountry "NED"]
[SourceTitle "CBM 184 Extra"]
[Source "ChessBase"]
[SourceDate "2018.06.28"]
[SourceVersion "1"]
[SourceVersionDate "2018.06.28"]
[SourceQuality "1"]

1. e4 e5 2. Nf3 Nc6 3. Bc4 Bc5 4. Nc3 Nf6 5. d3 h6 6. Be3 Bb6 7. 0-0 d6 8. h3 Be6 9. Nd5 0-0 10. Bxb6 axb6 11. a3 Bxd5 12. Bxd5 Nxd5 13. exd5 Ne7 14. c4 f5 15. Re1 Ng6 16. Qd2 Nf4 17. d4 Re8 18. Kh2 Ng6 19. dxe5 dxe5 20. g3 Qf6 21. Kg2 f4 22. Qc2 Rf8 23. Qe4 Rae8 24. Rad1 fxg3 25. fxg3 h5 26. Rf1 1/2-1/2

[Event "Groningen op-B 55th"]
[Site "Groningen"]
[Date "2017.12.29"]
[Round "8"]
[White "Benninga, Mark"]
[Black "Basa, Manasvita"]
[Result "1-0"]
[WhiteElo "1712"]
[BlackElo "1262"]
[PlyCount "72"]
[EventDate "2017.12.22"]
[EventType "swiss"]
[EventRounds "9"]
[EventCountry "NED"]
[SourceTitle "CBM 182 Extra"]
[Source "ChessBase"]
[SourceDate "2018.02.23"]
[SourceVersion "1"]
[SourceVersionDate "2018.02.23"]
[SourceQuality "1"]

1. e4 e5 2. Nf3 Nc6 3. d4 exd4 4. Nxd4 Bc5 5. Nxc6 bxc6 6. Bd3 Ne7 7. Bg5 0-0 8. 0-0 f6 9. Bd2 d5 10. Nc3 f5 11. exf5 Bxf5 12. Bg5 Qd6 13. Qd2 Rae8 14. Bf4 Qd7 15. Rae1 Bxd3 16. cxd3 Ng6 17. Bg3 Qg4 18. Rxe8 Rxe8 19. Bxc7 Nh4 20. Bg3 Nf5 21. Qf4 Qg6 22. a3 Nd4 23. Qd2 h5 24. b4 Bb6 25. Qd1 Rf8 26. Ne2 h4 27. Nxd4 hxg3 28. Nf3 gxf2+ 29. Kh1 Qh6 30. Qe2 Bc7 31. h3 Qd6 32. Rxf2 Qf6 33. d4 Qg6 34. Qf1 Qg3 35. Rc2 Rf6 36. Qf2 Qf4 1-0

[Event "Groningen op-B 55th"]
[Site "Groningen"]
[Date "2017.12.24"]
[Round "4"]
[White "Basa, Manasvita"]
[Black "Visser, Ynte"]
[Result "0-1"]
[WhiteElo "1262"]
[BlackElo "1761"]
[PlyCount "54"]
[EventDate "2017.12.22"]
[EventType "swiss"]
[EventRounds "9"]
[EventCountry "NED"]
[SourceTitle "CBM 182 Extra"]
[Source "ChessBase"]
[SourceDate "2018.02.23"]
[SourceVersion "1"]
[SourceVersionDate "2018.02.23"]
[SourceQuality "1"]

1. e4 c5 2. Nc3 Nc6 3. f4 e6 4. Bc4 Nge7 5. Nf3 d5 6. Bb5 a6 7. Bxc6+ Nxc6 8. d3 Be7 9. 0-0 0-0 10. Bd2 dxe4 11. dxe4 b5 12. Qe1 Bb7 13. Rd1 Qc7 14. Nh4 Nd4 15. e5 Nxc2 16. Qg3 Nd4 17. Be3 Rad8 18. Nf3 Nxf3+ 19. gxf3 b4 20. Na4 Qc6 21. b3 Rd5 22. Rc1 Rfd8 23. Kf2 Qb5 24. Rg1 g6 25. h4 Rd2+ 26. Bxd2 Rxd2+ 27. Ke1 Qe2# 0-1

[Event "NED-ch U14 Girls"]
[Site "Assen"]
[Date "2017.04.28"]
[Round "8"]
[White "Van Dongen, Lana"]
[Black "Basa, Manasvita"]
[Result "0-1"]
[WhiteElo "906"]
[BlackElo "935"]
[PlyCount "88"]
[EventDate "2017.04.23"]
[EventType "swiss"]
[EventRounds "9"]
[EventCountry "NED"]
[SourceTitle "CBM 178 Extra"]
[Source "ChessBase"]
[SourceDate "2017.06.22"]
[SourceVersion "1"]
[SourceVersionDate "2017.06.22"]
[SourceQuality "1"]

1. c4 e5 2. Nc3 Bc5 3. g3 f5 4. d3 d6 5. Bg2 Nc6 6. a3 Bd7 7. Rb1 h6 8. b4 Bb6 9. Bb2 Nf6 10. h3 0-0 11. Nf3 Qe8 12. Nd2 a5 13. bxa5 Bxa5 14. Ra1 Qg6 15. Qc2 f4 16. g4 Nd4 17. Qd1 Rae8 18. Nce4 Bc6 19. Nxf6+ Rxf6 20. Bxc6 bxc6 21. Bxd4 exd4 22. Qa4 Bxd2+ 23. Kxd2 f3 24. e3 dxe3+ 25. fxe3 Qg5 26. Qa7 c5 27. Rae1 f2 28. Qxc7 fxe1Q+ 29. Rxe1 Rf2+ 30. Kc3 Qe5+ 31. Kb3 Qb2+ 32. Ka4 Ra8+ 33. Qa5 Rxa5+ 34. Kxa5 Qxa3+ 35. Kb6 Rb2+ 36. Kc6 Qb4 37. Ra1 Qb6+ 38. Kd5 Rd2 39. Ra8+ Kh7 40. Ke6 d5+ 41. Kxd5 Rxd3+ 42. Ke5 Rxe3+ 43. Kf4 Qe6 44. g5 Qe4# 0-1

[Event "NED-ch U14 Girls"]
[Site "Assen"]
[Date "2017.04.25"]
[Round "4"]
[White "Basa, Manasvita"]
[Black "Bruggink, Lyne"]
[Result "0-1"]
[WhiteElo "935"]
[BlackElo "849"]
[PlyCount "104"]
[EventDate "2017.04.23"]
[EventType "swiss"]
[EventRounds "9"]
[EventCountry "NED"]
[SourceTitle "CBM 178 Extra"]
[Source "ChessBase"]
[SourceDate "2017.06.22"]
[SourceVersion "1"]
[SourceVersionDate "2017.06.22"]
[SourceQuality "1"]

1. e4 e5 2. Bc4 Nc6 3. Nf3 Nd4 4. Nxe5 Qg5 5. Bxf7+ Kd8 6. c3 Qxg2 7. cxd4 Qxh1+ 8. Ke2 Qxe4+ 9. Kf1 d6 10. Qf3 Qxf3 11. Nxf3 Bh3+ 12. Ke2 Bg4 13. Nc3 Nf6 14. Ke3 Ke7 15. Bb3 Re8 16. d3 Kd8+ 17. Kf4 h5 18. Ng5 Kc8 19. Be3 d5 20. Kg3 h4+ 21. Kg2 h3+ 22. Kg1 Rh5 23. Nxd5 Nxd5 24. Bxd5 Rxe3 25. fxe3 Rxg5 26. Be4 Bf3+ 27. Kf2 Bxe4 28. dxe4 Rg2+ 29. Kf3 Rxh2 30. Kg3 Rxb2 31. Kxh3 Re2 32. Rf1 Rxe3+ 33. Kg4 Ba3 34. Kf5 Be7 35. Rg1 g5 36. e5 Kd7 37. d5 Rf3+ 38. Ke4 Rf4+ 39. Ke3 Bc5+ 40. Kd3 Bxg1 41. e6+ Ke7 42. Ke2 g4 43. a4 g3 44. a5 g2 45. a6 bxa6 46. d6+ cxd6 47. Kd3 Bc5 48. Ke2 g1Q 49. Kd3 Qd4+ 50. Ke2 Qe3+ 51. Kd1 Qd3+ 52. Kc1 Ba3# 0-1

[Event "NED-ch U14 Girls"]
[Site "Assen"]
[Date "2017.04.24"]
[Round "2"]
[White "Basa, Manasvita"]
[Black "Van Essen, Marieke"]
[Result "1-0"]
[WhiteElo "935"]
[BlackElo "821"]
[PlyCount "61"]
[EventDate "2017.04.23"]
[EventType "swiss"]
[EventRounds "9"]
[EventCountry "NED"]
[SourceTitle "CBM 178 Extra"]
[Source "ChessBase"]
[SourceDate "2017.06.22"]
[SourceVersion "1"]
[SourceVersionDate "2017.06.22"]
[SourceQuality "1"]

1. e4 e5 2. Bc4 Bc5 3. Nf3 Nc6 4. Nc3 d6 5. h3 Nf6 6. d3 0-0 7. Bg5 h6 8. Bh4 Be6 9. Bb3 Re8 10. 0-0 Bxb3 11. axb3 Re6 12. Nd5 g5 13. Bg3 g4 14. hxg4 Nxg4 15. Nh4 h5 16. Nf5 Nd4 17. Nxd4 Bxd4 18. c3 Bb6 19. d4 exd4 20. cxd4 c5 21. Qd3 Nf6 22. Bh4 Kg7 23. Qg3+ Kh7 24. Nxf6+ Rxf6 25. e5 dxe5 26. dxe5 Bc7 27. Bxf6 Qxf6 28. exf6 Bxg3 29. fxg3 a5 30. Rf5 b6 31. Rxh5+ 1-0

[Event "NED-ch U14 Girls"]
[Site "Assen"]
[Date "2017.04.24"]
[Round "3"]
[White "De Boer, Marit"]
[Black "Basa, Manasvita"]
[Result "1-0"]
[WhiteElo "1194"]
[BlackElo "935"]
[PlyCount "89"]
[EventDate "2017.04.23"]
[EventType "swiss"]
[EventRounds "9"]
[EventCountry "NED"]
[SourceTitle "CBM 178 Extra"]
[Source "ChessBase"]
[SourceDate "2017.06.22"]
[SourceVersion "1"]
[SourceVersionDate "2017.06.22"]
[SourceQuality "1"]

1. d4 d5 2. c4 Nf6 3. Nc3 Bf5 4. e3 e6 5. Nf3 Nc6 6. a3 Bd6 7. c5 Be7 8. Nh4 Bg4 9. f3 Bh5 10. g3 Ne4 11. Ng2 Bg5 12. Nxe4 dxe4 13. Be2 Bg6 14. h4 e5 15. d5 Ne7 16. d6 Nc6 17. d7+ Qxd7 18. Qxd7+ Kxd7 19. hxg5 Rad8 20. f4 f6 21. gxf6 gxf6 22. Nh4 Rhg8 23. Bg4+ Ke7 24. Bd2 Bf7 25. Nf5+ Kf8 26. Rh4 Be6 27. Nh6 Rg6 28. Bxe6 Rxg3 29. 0-0-0 exf4 30. Rxf4 Rg6 31. Nf5 Re8 32. Bb3 Re5 33. Bc3 Rxc5 34. Kb1 a5 35. Nd4 Rh5 36. Nxc6 bxc6 37. Rxf6+ Kg7 38. Rd7+ Kh6 39. Rxg6+ hxg6 40. Bf6 Rh1+ 41. Ka2 Re1 42. Rd8 g5 43. Bf7 Ra1+ 44. Kxa1 Kh7 45. Rh8# 1-0